All Districts of Liberia with a Map - Statistics

General Stats
  • This quiz has been taken 47 times
  • The average score is 33 of 136
Answers on the Map
Answers color-coded by a green-red scale on the quiz's map according to % correct below.
 
Answer Stats
County District % Correct
Montserrado Greater Monrovia
78%
Bomi Klay
41%
Bomi Senjeh
37%
Margibi Kakata
33%
Bomi Suehn Mecca
33%
Gbarpolu Bopolu
30%
Grand Bassa District #1
30%
Grand Bassa District #2
30%
Grand Bassa District #3
30%
Grand Bassa District #4
30%
Lofa Foya
30%
Bong Fuamah
30%
Bong Jorquelleh
30%
Bong Kokoyah
30%
Lofa Kolahun
30%
Bong Panta
30%
Bong Salala
30%
Lofa Salayea
30%
Grand Bassa St. John River City
30%
Montserrado St. Paul River
30%
Bong Suakoko
30%
Lofa Vahun
30%
Lofa Voinjama
30%
Lofa Zorzor
30%
Bong Zota
30%
Gbarpolu Belleh
26%
Grand Gedeh B'hai
26%
Nimba Boe & Quilla
26%
Bong Boinsen
26%
Gbarpolu Bokomu
26%
Nimba Buu-Yao
26%
Montserrado Careysburg
26%
Rivercess Central RiverCess
26%
Grand Bassa | Grand Cape Mount | Montserrado Commonwealth
26%
Nimba Doe
26%
Rivercess Doedain
26%
Bomi Dowein
26%
Rivercess Fen River
26%
Margibi Firestone
26%
Nimba Garr-Bain
26%
Grand Cape Mount Garwula
26%
Gbarpolu Gbarma
26%
Nimba Gbehlay-Geh
26%
Nimba Gbi & Doru
26%
Nimba Gbor
26%
Margibi Gibi
26%
Grand Cape Mount Golakonneh
26%
Sinoe Greenville
26%
Maryland Harper
26%
Rivercess Jo River
26%
Gbarpolu Kongba
26%
Grand Gedeh Konobo
26%
Nimba Kparblee
26%
Nimba Leewehpea-Mahn
26%
Margibi Mambah Kaba
26%
Nimba Meinpea-Mahn
26%
Rivercess Norwein
26%
Grand Bassa Owensgrove
26%
Grand Cape Mount Porkpa
26%
Rivercess Sam Gbalor
26%
Nimba Sanniquellie Mahn
26%
Grand Gedeh Tchien
26%
Grand Cape Mount Tewor
26%
Montserrado Todee
26%
Bong Tukpahblee
26%
Nimba Twan River
26%
Nimba Yarmein
26%
Nimba Yarpea Mahn
26%
Nimba Yarwein Mehnsonnoh
26%
Nimba Zoe-Gbao
26%
Rivercess Beawor
22%
Sinoe Bodae
22%
Sinoe Bokon
22%
Grand Kru Buah
22%
Sinoe Butaw
22%
Grand Gedeh Cavala
22%
Sinoe Dugbe River
22%
Grand Gedeh Gbao
22%
Grand Gedeh Gboe-Ploe
22%
Grand Gedeh Glio-Twarbo
22%
Gbarpolu Gounwolaila
22%
Sinoe Jaedae
22%
Sinoe Juarzon
22%
Bong Kpaai
22%
Sinoe Kpayan
22%
Sinoe Kulu Shaw Boe
22%
River Gee Nanee
22%
Grand Bassa Neekreen
22%
River Gee Nyenawliken
22%
Sinoe Plahn Nyarn
22%
River Gee Potupo
22%
Grand Gedeh Putu
22%
Sinoe Pynes Town
22%
Bong Sanoyeah
22%
Sinoe Sanquin Dist #1
22%
Sinoe Sanquin Dist #2
22%
Sinoe Sanquin Dist #3
22%
Sinoe Seekon
22%
Sinoe Wedjah
22%
Bong Yeallequelleh
22%
Rivercess Zarflahn
22%
Grand Kru Barclayville
19%
Grand Kru Bleebo
19%
Grand Kru Bolloh
19%
River Gee Chedepo
19%
Grand Kru Dorbor
19%
Grand Kru Dweh
19%
Grand Kru Felo-Jekwi
19%
Grand Kru Fenetoe
19%
Grand Kru Forpoh
19%
Grand Kru Garraway
19%
Grand Kru Gee
19%
River Gee Glaro
19%
Grand Kru Grand Cess Wedabo
19%
Sinoe Jeadepo
19%
River Gee Karforh
19%
River Gee Nyenebo
19%
Maryland Pleebo/Sodoken
19%
Lofa Quardu Boundi
19%
River Gee Sarbo
19%
River Gee Tuobo
19%
Nimba Wee-Gbehyi-Mahn
19%
River Gee Gbeapo
15%
Maryland Gwelekpoken
15%
Maryland Karluway #1
15%
Maryland Karluway #2
15%
Grand Kru Kpi
15%
Grand Kru Lower Jloh
15%
Grand Kru Nrokwia-Wesldow
15%
Maryland Nyorken
15%
Grand Kru Trenbo
15%
Grand Kru Upper Jloh
15%
Maryland Whojah
15%
Grand Kru Wlogba
15%
No matching quizzes found
Score Distribution
Percent of People with Each Score
Percentile by Number Answered
Your Score History
You have not taken this quiz